000 00571nam a2200205 a 4500
001 9217
003 CO-ViMGA
008 141112s2004 ck r 000 u spa d
020 _a9586017052
040 _aCO-ViMGA
_bspa
_cCO-ViMGA
082 0 4 _a338.9 S243
100 1 _aSarmiento Palacio ; Eduardo,
245 1 0 _aApertura y crecimiento económico :
_bde la desilución al nuevo estado.
260 _aBogotá :
_bTercer mundo,
_c1996
300 _a207p.
650 1 4 _aAPERTURA
_99797
650 1 4 _aCRECIMIENTO
_99798
650 1 4 _aPRODUCTIVIDAD
_96987
942 _2ddc
_cBK
999 _c20756
_d20756